000
00269pam a2200121 a 4500
020
_c
041
_h
082
_a
750
_b
GOS
245
_a
Nain Sukh of Galer
_h
Textual Documents
260
_a
[s.l]:
_b
B. N. Goswamy ,
_c
2011.
300
_a
304:
_b
paper.
930
_a
6821
999
_c
240611
_d
240611